00282nam a2200121Ia 4500008004100000100001300041245004000054260002400094300000800118650001000126942000700136999001700143190216s9999||||xx |||||||||||||| ||und|| aKalamdar 0aHindi-Mitiya Bhasha Sour Samskrithi bPrathibha Prakashan a128 aHindi cBK c16253d16253